[Event "GER-ch U25-C"]
[Site "Willingen"]
[Date "2023.06.03"]
[Round "9"]
[White "Weidenhoefer, Ben"]
[Black "Kuehne, Malin"]
[Result "1/2-1/2"]
[WhiteElo "1180"]
[BlackElo "1162"]
[PlyCount "55"]
[EventDate "2023.05.27"]
[EventType "swiss"]
[EventRounds "9"]
[EventCountry "GER"]
[SourceTitle "CBM 214 Extra"]
[Source "ChessBase"]
[SourceDate "2023.07.31"]
[SourceVersion "1"]
[SourceVersionDate "2023.07.31"]
[SourceQuality "1"]

1. d4 d5 2. e3 c5 3. c3 Nc6 4. Bd3 Nf6 5. f4 Bg4 6. Nf3 e6 7. 0-0 Be7 8. Nbd2 0-0 9. Qe1 Rc8 10. Ne5 Bf5 11. Be2 Ne4 12. Qd1 Nxe5 13. fxe5 f6 14. exf6 Rxf6 15. Bg4 Bxg4 16. Qxg4 Rg6 17. Qh5 Nxd2 18. Bxd2 Qc7 19. Rac1 Bd6 20. Rf3 Rh6 21. Qg4 Bxh2+ 22. Kf2 Bd6 23. Rh3 Rxh3 24. Qxe6+ Qf7+ 25. Qxf7+ Kxf7 26. gxh3 Ke6 27. Re1 Kf5 28. Kf3 1/2-1/2

[Event "GER-ch U25-C"]
[Site "Willingen"]
[Date "2023.05.30"]
[Round "4"]
[White "Hierl, Andreas"]
[Black "Weidenhoefer, Ben"]
[Result "1-0"]
[WhiteElo "1236"]
[BlackElo "1180"]
[PlyCount "63"]
[EventDate "2023.05.27"]
[EventType "swiss"]
[EventRounds "9"]
[EventCountry "GER"]
[SourceTitle "CBM 214 Extra"]
[Source "ChessBase"]
[SourceDate "2023.07.31"]
[SourceVersion "1"]
[SourceVersionDate "2023.07.31"]
[SourceQuality "1"]

1. e4 c6 2. d4 d5 3. exd5 cxd5 4. Bd3 g6 5. Bf4 Bg7 6. c3 Nh6 7. h3 0-0 8. Nf3 f6 9. 0-0 Nf7 10. Re1 Nc6 11. Bb5 Re8 12. c4 a6 13. cxd5 Qxd5 14. Nc3 Qd7 15. Ba4 e6 16. d5 exd5 17. Rxe8+ Qxe8 18. Nxd5 Qd8 19. Bc7 Qe8 20. Qe1 Be6 21. Nb6 Ra7 22. Nd4 Bd7 23. Qxe8+ Bxe8 24. Re1 Nfe5 25. f4 Nxd4 26. Bxe8 Nd3 27. Rd1 Ne6 28. Bb8 Nxb2 29. Rd6 Ra8 30. Nxa8 Nxf4 31. Rd8 Bf8 32. Bxf4 1-0

[Event "Bremen Silvester op-B"]
[Site "Bremen"]
[Date "2022.12.28"]
[Round "3"]
[White "Schindehuette, Frank"]
[Black "Weidenhoefer, Ben"]
[Result "1/2-1/2"]
[WhiteElo "1587"]
[BlackElo "1109"]
[PlyCount "91"]
[EventDate "2022.12.27"]
[EventType "swiss"]
[EventRounds "7"]
[EventCountry "GER"]
[SourceTitle "CBM 211 Extra"]
[Source "ChessBase"]
[SourceDate "2023.01.31"]
[SourceVersion "1"]
[SourceVersionDate "2023.01.31"]
[SourceQuality "1"]

1. f4 d5 2. c4 c6 3. d4 e6 4. Nf3 Bd6 5. e3 f5 6. Nc3 Nf6 7. c5 Be7 8. Be2 0-0 9. Ne5 Ne4 10. Nxe4 fxe4 11. 0-0 b6 12. b4 a5 13. Qa4 b5 14. Qb3 a4 15. Qc3 Bb7 16. a3 Nd7 17. Bd2 Qc7 18. Bg4 Nxe5 19. fxe5 Qd7 20. Bh3 Rxf1+ 21. Rxf1 Rf8 22. Rf4 Bg5 23. Rxf8+ Kxf8 24. Qc1 Bc8 25. Qd1 Qf7 26. Qg4 Qg6 27. g3 Bd7 28. Kf1 Kf7 29. Qe2 Kg8 30. Bg4 Qf7+ 31. Kg2 Qf8 32. h4 Be7 33. Bh3 Qe8 34. Be1 Qg6 35. g4 Qf7 36. Bg3 g6 37. g5 Kg7 38. Bf4 Bd8 39. Bg4 Be8 40. Kg3 Be7 41. Qh2 Bf8 42. Qh3 Bd7 43. h5 Kg8 44. hxg6 hxg6 45. Kg2 Be7 46. Kg3 1/2-1/2

[Event "GER-ch Net Amateur Gr-C Vor2"]
[Site "Playchess.com INT"]
[Date "2020.04.15"]
[Round "1"]
[White "Weidenhoefer, Ben"]
[Black "Grave, Lukas"]
[Result "0-1"]
[WhiteElo "1403"]
[BlackElo "1620"]
[PlyCount "50"]
[EventDate "2020.04.15"]
[EventType "swiss (blitz)"]
[EventRounds "9"]
[EventCountry "GER"]
[SourceTitle "CBM 196 Extra"]
[Source "ChessBase"]
[SourceDate "2020.07.31"]
[SourceVersion "1"]
[SourceVersionDate "2020.07.31"]
[SourceQuality "1"]

1. d4 d5 2. Nf3 Nc6 3. Bf4 Nf6 4. e3 Bf5 5. Bb5 e6 6. Ne5 Bd6 7. Nxc6 bxc6 8. Bxc6+ Ke7 9. Bxd6+ Qxd6 10. Bxa8 Rxa8 11. c3 e5 12. 0-0 exd4 13. cxd4 Ng4 14. g3 Qh6 15. h4 g5 16. Kg2 gxh4 17. Rh1 Be4+ 18. f3 Nxe3+ 19. Kg1 Nxd1 20. Rxh4 Qe3+ 21. Kh2 Qe2+ 22. Kh3 Nf2+ 23. Kg2 Bxf3+ 24. Kg1 Ng4 25. Rxg4 Qg2# 0-1

[Event "GER-ch Net Amateur Gr-C Vor1"]
[Site "Playchess.com INT"]
[Date "2020.04.14"]
[Round "2"]
[White "Roos Nazario, Valentin1111"]
[Black "Weidenhoefer, Ben"]
[Result "1-0"]
[WhiteElo "1620"]
[BlackElo "1405"]
[PlyCount "55"]
[EventDate "2020.04.14"]
[EventType "swiss (blitz)"]
[EventRounds "9"]
[EventCountry "GER"]
[SourceTitle "CBM 196 Extra"]
[Source "ChessBase"]
[SourceDate "2020.07.31"]
[SourceVersion "1"]
[SourceVersionDate "2020.07.31"]
[SourceQuality "1"]

1. e4 e5 2. Nf3 Nc6 3. Nc3 Bc5 4. Bc4 Nf6 5. d3 d6 6. Bg5 Bg4 7. h3 Bh5 8. a3 h6 9. Bh4 0-0 10. Nd5 g5 11. Nxf6+ Qxf6 12. g4 Bxg4 13. hxg4 gxh4 14. Rxh4 Kh8 15. g5 Qe7 16. Rxh6+ Kg7 17. c3 Rg8 18. Qd2 Kf8 19. g6 fxg6 20. Bxg8 Kxg8 21. Rxg6+ Kf7 22. Rh6 Bb6 23. Rh7+ Kf8 24. Qh6+ Ke8 25. Rxe7+ Kxe7 26. Qg7+ Kd8 27. Qf8+ Kd7 28. Qxa8 1-0

[Event "GER-ch Net Amateur Gr-C Vor1"]
[Site "Playchess.com INT"]
[Date "2020.04.14"]
[Round "3"]
[White "Weidenhoefer, Ben"]
[Black "Hoffmann, Tom"]
[Result "0-1"]
[WhiteElo "1398"]
[BlackElo "1620"]
[PlyCount "76"]
[EventDate "2020.04.14"]
[EventType "swiss (blitz)"]
[EventRounds "9"]
[EventCountry "GER"]
[SourceTitle "CBM 196 Extra"]
[Source "ChessBase"]
[SourceDate "2020.07.31"]
[SourceVersion "1"]
[SourceVersionDate "2020.07.31"]
[SourceQuality "1"]

1. d4 d5 2. Nf3 Nf6 3. Bf4 g6 4. e3 Bg7 5. Bb5+ Bd7 6. Qe2 0-0 7. Ne5 a6 8. Bxd7 Nbxd7 9. Qf3 c6 10. 0-0 Qb6 11. Nxd7 Nxd7 12. b3 e5 13. dxe5 Nxe5 14. Qh3 Qd8 15. Bh6 Bxh6 16. Qxh6 Qf6 17. Qh5 gxh5 18. Nc3 Nf3+ 19. gxf3 Qxc3 20. Kh1 Qxc2 21. Rg1+ Kh8 22. Rg2 Rg8 23. Rag1 Rxg2 24. Rxg2 Rg8 25. Rxg8+ Kxg8 26. Kg2 Qxa2 27. h4 Qxb3 28. e4 dxe4 29. fxe4 a5 30. f3 a4 31. f4 a3 32. e5 a2 33. f5 a1Q 34. e6 fxe6 35. fxe6 Qg7+ 36. Kf2 Qc2+ 37. Kf1 Qgg2+ 38. Ke1 Qce2# 0-1

[Event "GER-ch Net blitz qual2"]
[Site "Playchess.com INT"]
[Date "2020.03.16"]
[Round "4"]
[White "Weidenhoefer, Ben"]
[Black "Winkler, Andreas1111"]
[Result "0-1"]
[WhiteElo "1620"]
[BlackElo "1433"]
[PlyCount "90"]
[EventDate "2020.03.16"]
[EventType "swiss (blitz)"]
[EventRounds "9"]
[EventCountry "GER"]
[SourceTitle "CBM 195 Extra"]
[Source "ChessBase"]
[SourceDate "2020.05.31"]
[SourceVersion "1"]
[SourceVersionDate "2020.05.31"]
[SourceQuality "1"]

1. d4 Nf6 2. Nf3 d5 3. Bg5 e6 4. e3 Be7 5. Bd3 0-0 6. 0-0 Nbd7 7. Bxf6 Nxf6 8. Re1 h6 9. c3 c5 10. Nbd2 a6 11. h3 b5 12. Rc1 c4 13. Be2 Bb7 14. Ne5 Rc8 15. Qc2 Ne4 16. Nxe4 dxe4 17. Rcd1 Bd5 18. Rd2 Bf6 19. Ng4 Bg5 20. Ne5 Bf6 21. Nf3 exf3 22. Bxf3 Bxf3 23. gxf3 Bh4 24. b3 Qg5+ 25. Kf1 Qh5 26. f4 Bf6 27. Kg2 Qh4 28. Kf3 Qxh3+ 29. Ke2 Qg4+ 30. f3 Qg2+ 31. Kd1 Qxf3+ 32. Rde2 Bh4 33. Rg1 Bg3 34. Kc1 f5 35. Reg2 Qxe3+ 36. Kb1 Rf7 37. Rxg3 Qxf4 38. Qh2 Qe4+ 39. Ka1 Kf8 40. Qh3 cxb3 41. axb3 b4 42. Rxg7 Rxg7 43. Qxh6 Rcc7 44. Qf6+ Rcf7 45. Qe7+ Rxe7 0-1

[Event "GER-ch U25-C"]
[Site "Willingen"]
[Date "2019.06.13"]
[Round "7"]
[White "Laux, Filip"]
[Black "Weidenhoefer, Ben"]
[Result "1/2-1/2"]
[WhiteElo "1155"]
[BlackElo "821"]
[PlyCount "57"]
[EventDate "2019.06.08"]
[EventType "swiss"]
[EventRounds "9"]
[EventCountry "GER"]
[SourceTitle "CBM 191 Extra"]
[Source "ChessBase"]
[SourceDate "2019.09.30"]
[SourceVersion "1"]
[SourceVersionDate "2019.09.30"]
[SourceQuality "1"]

1. e4 e5 2. Nf3 Nc6 3. Bc4 Bc5 4. c3 Nf6 5. d3 h6 6. Nbd2 0-0 7. 0-0 d5 8. exd5 Nxd5 9. Re1 Qd6 10. Nf1 Nf6 11. Ng3 Ng4 12. Rf1 Be6 13. Bxe6 fxe6 14. h3 Nf6 15. Re1 Rad8 16. b4 Bb6 17. Bb2 a6 18. Rc1 Qxd3 19. Qxd3 Rxd3 20. Nxe5 Nxe5 21. Rxe5 Rd2 22. Re2 Rxe2 23. Nxe2 Ne4 24. Nd4 Bxd4 25. cxd4 Rxf2 26. Re1 Rxb2 27. Rxe4 Rxb4 28. Rxe6 Rxd4 29. Re7 1/2-1/2